| 000 | 00582cam a2200205 4500500 | ||
|---|---|---|---|
| 005 | 20260405003709.0 | ||
| 041 | _afre | ||
| 042 | _adc | ||
| 100 | 1 | 0 |
_aLarmagnac-Matheron, Octave _eauthor |
| 245 | 0 | 0 | _aFrühjahrsmüdigkeit |
| 260 | _c2023. | ||
| 500 | _a52 | ||
| 690 | _aAllemagne | ||
| 690 | _aNature | ||
| 690 | _aPrintemps | ||
| 690 | _aSanté | ||
| 690 | _aSommeil | ||
| 786 | 0 | _nPhilosophie magazine | 169 | 5 | 2023-05-01 | p. 49-49 | 1951-1787 | |
| 856 | 4 | 1 | _uhttps://shs.cairn.info/magazine-philosophie-magazine-2023-5-page-49?lang=fr&redirect-ssocas=7080 |
| 999 |
_c2069954 _d2069954 |
||